| 000 | 00888cam a2200313 i 4500 | ||
|---|---|---|---|
| 001 | 316714 | ||
| 003 | LC | ||
| 005 | 20160317153842.0 | ||
| 008 | 750115s1975 nyu 000 1 eng | ||
| 010 | _a 74016598 | ||
| 020 | _a034532336X | ||
| 040 |
_aDLC _cDLC _dDLC _dOCoLC _dDLC |
||
| 043 | _ae-gx--- | ||
| 050 | 0 | 0 |
_aPZ 4 _b.G459 1975 |
| 082 | 0 | 0 |
_aFIC _bG36w 1975 |
| 100 | 1 |
_aGifford, Thomas. _918974 |
|
| 245 | 1 | 4 |
_aThe wind chill factor / _cThomas Gifford. |
| 260 |
_aNew York : _bBallantine Books, _cc1976. |
||
| 300 |
_a376 p. ; _c18 cm. |
||
| 562 | _e1 | ||
| 650 | 0 |
_aFiction _9746 |
|
| 650 | 0 | _aFascism -- Germany -- Fiction. | |
| 650 | 0 | _aGermany -- Fiction. | |
| 655 | 7 |
_aAdventure stories. _2gsafd _92927 |
|
| 655 | 7 |
_aDetective and mystery stories. _2gsafd _93472 |
|
| 906 |
_a7 _bcbc _corignew _d2 _eocip _f19 _gy-gencatlg |
||
| 942 |
_2lcc _cBK |
||
| 999 |
_c11106 _d11106 |
||